ʻArad ha-ḳedumah. (Record no. 32545)

MARC details
000 -LEADER
fixed length control field 00784cam a22002411a 4500
001 - CONTROL NUMBER
control field he 67001537
003 - CONTROL NUMBER IDENTIFIER
control field DLC
005 - DATE AND TIME OF LATEST TRANSACTION
control field 20260227111448.0
008 - FIXED-LENGTH DATA ELEMENTS--GENERAL INFORMATION
fixed length control field 900608s1967 mau 000 0 hebr
010 ## - LIBRARY OF CONGRESS CONTROL NUMBER
LC control number he 67001537
035 ## - SYSTEM CONTROL NUMBER
System control number (OCoLC)21741521
040 ## - CATALOGING SOURCE
Original cataloging agency DLC
Transcribing agency FU
Modifying agency FU
-- DLC
050 00 - LIBRARY OF CONGRESS CALL NUMBER
Classification number DS110.A685
Item number J4
110 2# - MAIN ENTRY--CORPORATE NAME
Corporate name or jurisdiction name as entry element Muzeʼon Yiśraʼel (Jerusalem)
245 10 - TITLE STATEMENT
Title ʻArad ha-ḳedumah.
260 ## - PUBLICATION, DISTRIBUTION, ETC.
Place of publication, distribution, etc. Yerushalayim :
Name of publisher, distributor, etc. Muzeʼon Yiśraʼel ṿeha-Ḥevrah la-haḳirat EretsYiśraʼel ṿe-ʻatiḳoteha,
Date of publication, distribution, etc. [1967]
300 ## - PHYSICAL DESCRIPTION
Extent 34 p.
Other physical details illus.
Dimensions 22 cm.
490 1# - SERIES STATEMENT
Series statement Muzeʼon Yiśraʼel (Jerusalem) 25
651 #0 - SUBJECT ADDED ENTRY--GEOGRAPHIC NAME
Geographic name ʻArad (Israel)
700 1# - ADDED ENTRY--PERSONAL NAME
Personal name Amiran, Ruth.
700 1# - ADDED ENTRY--PERSONAL NAME
Personal name Aharoni, Yohanan,
Dates associated with a name 1919-1976.
830 #0 - SERIES ADDED ENTRY--UNIFORM TITLE
Uniform title Ḳaṭalog (Muzeʼon Yiśraʼel (Jerusalem)) ;
Volume/sequential designation mis. 25.

No items available.

Powered by Koha